00394nam a22001097a 4500008004100000082002100041100000900062110008400071245002800155260009100183300001000274230602b xxu||||| |||| 00| 0 eng d a301.0720519bDEV d2008 bInstitute for Social Development and Policy Research, Seoul National University aDevelopment and Society aKoreabInstitute for Social Development and Policy Research, Seoul National University a115 p